| 000 | 00797nam a2200265 a 4500 | ||
|---|---|---|---|
| 001 | 61757 | ||
| 003 | BD-RjUL | ||
| 005 | 20211209081011.0 | ||
| 008 | 170121r19801970nyua b 001 0 eng d | ||
| 020 | _a0677017804 (vol 1) | ||
| 020 | _a2881240410 (vol 2) | ||
| 035 | _a(BD-RjUL)61881 | ||
| 040 |
_aDLC _cDLC _dDLC _beng |
||
| 041 | _aeng | ||
| 082 | 0 | 0 |
_a669 _223 _bHAP 1980 |
| 100 | 1 |
_aHabashi, Fathi. _9183892 |
|
| 245 | 1 | 0 |
_aPrinciples of extractive metallurgy / _cFathi Habashi |
| 260 |
_aNew York : _bGordon and Breach, _c1970 [Printing 1980] |
||
| 300 |
_ax, 457 p. : _bill. ; _c24 cm. |
||
| 504 | _aIncludes bibliographies and indexes. | ||
| 505 | 1 | _aVol. 2. Hydrometallurgy -- Vol. 3 Pyrometallurgy -- | |
| 650 | 0 |
_aMetallurgy. _9181865 |
|
| 942 |
_2ddc _cBK |
||
| 999 |
_c61757 _d61757 |
||